000 01292nam a2200229Ia 4500
003 Ost
005 20260416102400.0
008 260416s9999||||xx |||||||||||||| ||und||
040 _cfsecg
041 _aara
082 _a658.15
100 _aلعراب، سارة
_eمؤلف
245 0 _a الهندسة المالية :
_bمطبوعة مقدمة لطلبة السنة الثالثة /
_c سارة لعراب
260 _aالجزائر
_bجامعة الجزائر3: كلية العلوم الإقتصادية، العلوم التجارية وعلوم التسيير
_c2203
300 _a123 ورقة
_bايضاحات
_c12 سم
504 _aالمراجع ص.117
520 _aمدخل الهندسة المالية،مجالات الهندسة المالية،أدوات ومنتجات الهندسة المالية،تشخيص وتقييم المؤسسة،علاقة الهندسة المالية بالأزمات المالية،أدوات ومنتجات الهندسة المالية الإسلامية،
653 _aالادارة المالية
653 _aالهندسة المالية
710 _aجامعة الجزائر3: كلية العلوم الإقتصادية، العلوم التجارية وعلوم التسيير
_eناشر علمي
942 _cHANDOUT
999 _c41384
_d41384